000 00957nam0a22002891 4500
001 RU\NLR\INFOCOMM_196\5000017813
005 20250613090439.0
035 _a(NLR Aleph) 009066309
090 _a7895085
_c7895085
100 _a20081015d1974 |||y0rusy50 ca
101 0 _ager
102 _aRU
105 _ay z 000zy
200 1 _aPekings Renegatentum
_fG. Apalin
210 _aΜ.
_cAPN-Verl.
_d1974
215 _a129 с.
_d16 см
300 _aВ вып. дан.: Г. Апалин. Классовое отступничество Пекина
517 1 _aКлассовое отступничество Пекина
607 _aКитайская Народная Республика
_xИстория
_2nlr_sh1
686 _aТ3(5Кит)7
_2rubbk
700 1 _aApalin
_bG. V.
_gGenrich Vladimirovic
_4070
801 1 _aRU
_bNLR
_c20081015
801 0 _aRU
_bNLR
_gPSBO
852 _aNLR
_jИ91 Д-1/62
942 _cBOOK
980 _aNB